[Event "GBR-ch110 Major Open"]
[Site "Hull"]
[Date "2024.08.03"]
[Round "8.1"]
[White "Fava, Lorenzo"]
[Black "Yoon, Jacob D"]
[Result "1-0"]
[WhiteElo "2161"]
[BlackElo "2118"]
[PlyCount "85"]
[EventDate "2024.07.27"]
[EventType "swiss"]
[EventRounds "9"]
[EventCountry "GBR"]
[SourceTitle "BritBase"]
[Source "John Saunders"]
[SourceDate "2025.02.20"]
[SourceVersion "1"]
[SourceVersionDate "2025.02.20"]
[SourceQuality "1"]

1. Nf3 d5 2. c4 c6 3. e3 Nf6 4. Nc3 a6 5. b3 Bg4 6. Be2 e6 7. Bb2 Bd6 8. h3 Bh5 9. d4 Ne4 10. Nxe4 dxe4 11. Nd2 Bxe2 12. Qxe2 f5 13. O-O-O Nd7 14. f3 exf3 15. gxf3 Qa5 16. Kb1 O-O-O 17. Rhg1 g6 18. c5 Be7 19. Nc4 Qc7 20. Bc3 Rde8 21. e4 Rhf8 22. e5 Qb8 23. Ba5 Qa8 24. a4 Bd8 25. b4 Bxa5 26. Nd6+ Kb8 27. bxa5 Ka7 28. Ka2 Qd8 29. Qd2 Re7 30. Rb1 Nb8 31. Rb6 Rff7 32. Qg5 Qf8 33. Rgb1 Ka8 34. Qe3 Rc7 35. Qb3 Qe7 36. Qc4 Rg7 37. Rxb7 Rxb7 38. Rxb7 Qg5 39. Rxg7 Qd2+ 40. Ka3 Qe3+ 41. Qb3 Qc1+ 42. Qb2 Qe3+ 43. Ka2 1-0

[Event "GBR-ch110 Major Open"]
[Site "Hull"]
[Date "2024.08.03"]
[Round "8.2"]
[White "Jaunooby, Ali Reza"]
[Black "Price, Gwilym T"]
[Result "1/2-1/2"]
[WhiteElo "2145"]
[BlackElo "2217"]
[PlyCount "53"]
[EventDate "2024.07.27"]
[EventType "swiss"]
[EventRounds "9"]
[EventCountry "GBR"]
[SourceTitle "BritBase"]
[Source "John Saunders"]
[SourceDate "2025.02.20"]
[SourceVersion "1"]
[SourceVersionDate "2025.02.20"]
[SourceQuality "1"]

1. d4 Nf6 2. c4 g6 3. Nc3 Bg7 4. e4 d6 5. Nf3 O-O 6. Be2 e5 7. dxe5 dxe5 8. Qxd8 Rxd8 9. Bg5 Re8 10. O-O-O Na6 11. Ne1 Be6 12. f3 c6 13. Nc2 h6 14. Be3 Bf8 15. a3 Nd7 16. b4 Nb6 17. c5 Nc4 18. Bf2 Nc7 19. g4 a5 20. Bxc4 Bxc4 21. Rd7 Rec8 22. Na4 Be6 23. Rd3 Rd8 24. Rhd1 Rxd3 25. Rxd3 axb4 26. Nb6 Re8 27. axb4 1/2-1/2

[Event "GBR-ch110 Major Open"]
[Site "Hull"]
[Date "2024.08.03"]
[Round "8.3"]
[White "Angst, Robin"]
[Black "Ashworth, Michael J"]
[Result "1/2-1/2"]
[WhiteElo "2249"]
[BlackElo "2013"]
[PlyCount "126"]
[EventDate "2024.07.27"]
[EventType "swiss"]
[EventRounds "9"]
[EventCountry "GBR"]
[SourceTitle "BritBase"]
[Source "John Saunders"]
[SourceDate "2025.02.20"]
[SourceVersion "1"]
[SourceVersionDate "2025.02.20"]
[SourceQuality "1"]

1. e4 g6 2. Nc3 Bg7 3. f4 c5 4. Nf3 Nc6 5. Bc4 e6 6. O-O Nge7 7. Qe1 O-O 8. d3 d5 9. Bb3 Nd4 10. Nxd4 cxd4 11. Ne2 dxe4 12. dxe4 d3 13. Nc3 dxc2 14. Be3 Nc6 15. Rf2 Qe7 16. e5 b6 17. Rxc2 Nb4 18. Rd2 Ba6 19. Rd6 Nd3 20. Qd2 Rad8 21. Ne4 Rxd6 22. Nxd6 Rd8 23. Rd1 Qc7 24. Ne4 Rc8 25. Nd6 Rd8 26. Ba4 Nxe5 27. Ne8 Rxd2 28. Nxc7 Rxd1+ 29. Bxd1 Nc4 30. Bxb6 axb6 31. Nxa6 Bd4+ 32. Kh1 Bxb2 33. Nb4 Kf8 34. Nd3 Bd4 35. Bb3 Na5 36. Ba4 Ke7 37. g4 f6 38. Kg2 Kd6 39. Kf3 Kd5 40. Nb4+ Kc5 41. Na6+ Kd6 42. Ke4 Bg1 43. h3 f5+ 44. Kf3 Nc4 45. Nb4 Nd2+ 46. Ke2 Ne4 47. Bb3 Bd4 48. Nd3 fxg4 49. hxg4 h5 50. gxh5 gxh5 51. Ne1 Nc5 52. Bc4 h4 53. Kf3 Bc3 54. Nd3 Nd7 55. Kg4 Bf6 56. Bb3 Nb8 57. Ne1 Nc6 58. Nf3 Na5 59. Ba4 Nc4 60. Nxh4 Ne3+ 61. Kf3 Nd5 62. Ng2 Nc3 63. Bb3 Nb5 1/2-1/2

[Event "GBR-ch110 Major Open"]
[Site "Hull"]
[Date "2024.08.03"]
[Round "8.4"]
[White "Pert, Max P"]
[Black "Eames, Robert S"]
[Result "1/2-1/2"]
[WhiteElo "2034"]
[BlackElo "2148"]
[PlyCount "103"]
[EventDate "2024.07.27"]
[EventType "swiss"]
[EventRounds "9"]
[EventCountry "GBR"]
[SourceTitle "BritBase"]
[Source "John Saunders"]
[SourceDate "2025.02.20"]
[SourceVersion "1"]
[SourceVersionDate "2025.02.20"]
[SourceQuality "1"]

1. d4 Nf6 2. Nc3 d5 3. Bf4 a6 4. e3 Bf5 5. Bd3 Bxd3 6. cxd3 e6 7. Nf3 c5 8. dxc5 Bxc5 9. d4 Be7 10. a3 Nbd7 11. h3 O-O 12. O-O b5 13. Qe2 Qb6 14. Rfc1 Rfc8 15. Ne1 Rc4 16. b3 Rc6 17. b4 Rac8 18. Qb2 Ne4 19. Ne2 Nd6 20. Bxd6 Bxd6 21. Nd3 Rc4 22. Nc5 Qc6 23. Rd1 Nb6 24. Nc3 e5 25. Rd3 e4 26. Rdd1 h5 27. Qb3 Bb8 28. Ne2 Na4 29. Rac1 h4 30. Rxc4 dxc4 31. Qc2 f5 32. Nxa4 bxa4 33. Rc1 Qd6 34. g3 hxg3 35. Nxg3 Qh6 36. Kg2 f4 37. exf4 Bxf4 38. Re1 e3 39. fxe3 Bxe3 40. Qe4 Bd2 41. Qd5+ Kh8 42. Re6 Qh4 43. Re4 Qd8 44. Qf7 Bh6 45. Nf5 Qg5+ 46. Kf3 c3 47. Nxh6 Qxh6 48. Re8+ Rxe8 49. Qxe8+ Kh7 50. Qe4+ Kh8 51. Qe8+ Kh7 52. Qe4+ 1/2-1/2

[Event "GBR-ch110 Major Open"]
[Site "Hull"]
[Date "2024.08.03"]
[Round "8.5"]
[White "Stoica, Savas Marin"]
[Black "Crawford, Owen"]
[Result "1/2-1/2"]
[WhiteElo "2107"]
[BlackElo "2010"]
[PlyCount "70"]
[EventDate "2024.07.27"]
[EventType "swiss"]
[EventRounds "9"]
[EventCountry "GBR"]
[SourceTitle "BritBase"]
[Source "John Saunders"]
[SourceDate "2025.02.20"]
[SourceVersion "1"]
[SourceVersionDate "2025.02.20"]
[SourceQuality "1"]

1. d4 Nf6 2. c4 g6 3. Nc3 Bg7 4. e4 d6 5. Nf3 O-O 6. Be2 e5 7. d5 a5 8. O-O Na6 9. Bg5 Nc5 10. Nd2 Bd7 11. b3 h6 12. Bh4 Nfxe4 13. Bxd8 Nxc3 14. Qe1 Raxd8 15. a3 e4 16. b4 axb4 17. axb4 Na6 18. Rc1 f5 19. Nb3 Nxe2+ 20. Qxe2 Nxb4 21. Rfd1 Ba4 22. Rb1 c5 23. dxc6 bxc6 24. c5 d5 25. Nd4 Bxd1 26. Qxd1 Rb8 27. Ne6 Rf7 28. Nxg7 Rxg7 29. Qd4 Rgb7 30. Qf6 Kh7 31. h4 h5 32. Rb3 Rg8 33. g3 Rb5 34. Ra3 Rb7 35. Rb3 Rb5 1/2-1/2

[Event "GBR-ch110 Major Open"]
[Site "Hull"]
[Date "2024.08.03"]
[Round "8.6"]
[White "Ther, Mate"]
[Black "Harborne, Matthew J"]
[Result "1-0"]
[WhiteElo "2001"]
[BlackElo "2103"]
[PlyCount "93"]
[EventDate "2024.07.27"]
[EventType "swiss"]
[EventRounds "9"]
[EventCountry "GBR"]
[SourceTitle "BritBase"]
[Source "John Saunders"]
[SourceDate "2025.02.20"]
[SourceVersion "1"]
[SourceVersionDate "2025.02.20"]
[SourceQuality "1"]

1. b4 d5 2. Bb2 Nf6 3. e3 Bf5 4. c4 e6 5. a3 Nbd7 6. Nf3 c6 7. Nc3 Bd6 8. Be2 Qe7 9. Qb3 h6 10. Rc1 O-O 11. O-O Ng4 12. h3 Nge5 13. Nxe5 Nxe5 14. f4 Nd3 15. Bxd3 Bxd3 16. Nxd5 cxd5 17. Qxd3 dxc4 18. Rxc4 f6 19. Rfc1 Rfd8 20. Qb3 f5 21. b5 Kh7 22. Qc3 Rf8 23. Rd4 Rad8 24. a4 Rf6 25. Qd3 Rg6 26. Rf1 e5 27. fxe5 Qxe5 28. Rff4 Bc5 29. Rxd8 Qxf4 30. Qd5 Bxe3+ 31. dxe3 Qxe3+ 32. Kf1 Qf4+ 33. Ke2 Rg3 34. Qg8+ Kg6 35. Qxg7+ Kh5 36. Qf7+ Rg6 37. g4+ Kh4 38. Bf6+ Kg3 39. Rd3+ Kg2 40. Qxg6 Qe4+ 41. Kd2 Qf4+ 42. Re3 Qd6+ 43. Ke2 f4 44. Qe4+ Kg1 45. Qb1+ Kh2 46. Be5 Qf8 47. Kf2 1-0

[Event "GBR-ch110 Major Open"]
[Site "Hull"]
[Date "2024.08.03"]
[Round "8.7"]
[White "Liu, Jack"]
[Black "Adams, Henry"]
[Result "1-0"]
[WhiteElo "2098"]
[BlackElo "2000"]
[PlyCount "92"]
[EventDate "2024.07.27"]
[EventType "swiss"]
[EventRounds "9"]
[EventCountry "GBR"]
[SourceTitle "BritBase"]
[Source "John Saunders"]
[SourceDate "2025.02.20"]
[SourceVersion "1"]
[SourceVersionDate "2025.02.20"]
[SourceQuality "1"]

1. e4 e5 2. Nf3 Nc6 3. Bb5 a6 4. Ba4 Nf6 5. O-O Be7 6. Re1 b5 7. Bb3 d6 8. c3 O-O 9. h3 Nb8 10. d4 Nbd7 11. Nbd2 Bb7 12. Bc2 Re8 13. Nf1 Bf8 14. Ng3 g6 15. b3 c5 16. d5 Qc7 17. a4 c4 18. b4 a5 19. axb5 axb4 20. Rxa8 Rxa8 21. cxb4 Qb6 22. Ba4 Qa7 23. Bc2 Qb6 24. Be3 Qxb5 25. Qd2 Ra2 26. Qc3 Qa6 27. Rc1 Ra3 28. Qd2 Qb5 29. Bd1 c3 30. Rxc3 Qxb4 31. Rxa3 Qxa3 32. Be2 Qa4 33. Qd3 Qb4 34. Qb5 Qxb5 35. Bxb5 Be7 36. Nd2 Kf8 37. Nc4 Nb8 38. Bh6+ Kg8 39. Bc1 Ba6 40. Bxa6 Nxa6 41. Ba3 Ne8 42. Nxe5 Nb8 43. Nc4 f6 44. Ne2 Nd7 45. f4 Kf7 46. Nd4 Nc7 1-0

[Event "GBR-ch110 Major Open"]
[Site "Hull"]
[Date "2024.08.03"]
[Round "8.8"]
[White "Nicholas, Koichi B"]
[Black "Bharat Kumar, Balahari"]
[Result "0-1"]
[WhiteElo "2097"]
[BlackElo "1989"]
[PlyCount "69"]
[EventDate "2024.07.27"]
[EventType "swiss"]
[EventRounds "9"]
[EventCountry "GBR"]
[SourceTitle "BritBase"]
[Source "John Saunders"]
[SourceDate "2025.02.20"]
[SourceVersion "1"]
[SourceVersionDate "2025.02.20"]
[SourceQuality "1"]

1. e4 c5 2. Nf3 e6 3. d4 cxd4 4. Nxd4 Qb6 5. Na3 a6 6. Nc4 Qc7 7. a4 Nf6 8. Qf3 d5 9. exd5 Nxd5 10. c3 Be7 11. Bd3 b6 12. a5 Nd7 13. axb6 N7xb6 14. Nxb6 Qxb6 15. Bb5+ Kf8 16. Bc6 Ra7 17. O-O Bf6 18. Bxd5 exd5 19. Qxd5 Rd7 20. Qc6 Qd8 21. Be3 Bb7 22. Qc5+ Kg8 23. Qh5 Rd5 24. Qe2 h5 25. Rad1 g6 26. Nf3 Kg7 27. Rxd5 Qxd5 28. Rd1 Qe4 29. Qd3 Rd8 30. Qb1 Qg4 31. Rxd8 Bxf3 32. Qf1 Be2 33. f3 Qc4 34. Rd1 Bxf1 35. Rxf1 0-1

[Event "GBR-ch110 Major Open"]
[Site "Hull"]
[Date "2024.08.03"]
[Round "8.9"]
[White "Chan, Sheng Liang Bernard"]
[Black "Pert, Nina P"]
[Result "1-0"]
[WhiteElo "2096"]
[BlackElo "1966"]
[PlyCount "111"]
[EventDate "2024.07.27"]
[EventType "swiss"]
[EventRounds "9"]
[EventCountry "GBR"]
[SourceTitle "BritBase"]
[Source "John Saunders"]
[SourceDate "2025.02.20"]
[SourceVersion "1"]
[SourceVersionDate "2025.02.20"]
[SourceQuality "1"]

1. d4 e6 2. c4 f5 3. Nf3 Nf6 4. g3 Be7 5. Bg2 d6 6. O-O O-O 7. Nc3 Ne4 8. Nxe4 fxe4 9. Ne1 d5 10. Be3 c6 11. Qc2 Nd7 12. f3 Nb6 13. b3 exf3 14. Nxf3 Bf6 15. Rad1 Nd7 16. Bf4 Qe7 17. e4 dxe4 18. Qxe4 c5 19. d5 exd5 20. Qxd5+ Qf7 21. Bd6 Qxd5 22. Rxd5 Re8 23. Bxc5 Nxc5 24. Rxc5 Bg4 25. Rd5 Re3 26. h3 Be6 27. Rdd1 Re8 28. Rfe1 Bf5 29. Kf2 Rxe1 30. Rxe1 Rxe1 31. Kxe1 Be4 32. Ke2 Kf8 33. Ne1 Bb1 34. Kd2 b6 35. Kc1 Bf5 36. g4 Bg6 37. Bf1 Ke7 38. Bd3 Bxd3 39. Nxd3 Kd6 40. b4 Kc6 41. b5+ Kd6 42. Kc2 Bd4 43. Kd2 Kc7 44. Ke2 Kb7 45. Kf3 a6 46. Ke4 Ba1 47. Kd5 axb5 48. cxb5 Kc7 49. Ke6 h6 50. Nb4 Bd4 51. Nd5+ Kb7 52. Kd7 Bf2 53. Ne7 Bd4 54. Nf5 Bc3 55. Nd6+ Ka7 56. Kc6 1-0

[Event "GBR-ch110 Major Open"]
[Site "Hull"]
[Date "2024.08.03"]
[Round "8.10"]
[White "Usifoh, Kristian C"]
[Black "Angst, Oliver"]
[Result "1-0"]
[WhiteElo "1963"]
[BlackElo "2068"]
[PlyCount "127"]
[EventDate "2024.07.27"]
[EventType "swiss"]
[EventRounds "9"]
[EventCountry "GBR"]
[SourceTitle "BritBase"]
[Source "John Saunders"]
[SourceDate "2025.02.20"]
[SourceVersion "1"]
[SourceVersionDate "2025.02.20"]
[SourceQuality "1"]

1. d4 d5 2. Nf3 Nf6 3. Bf4 c5 4. Nc3 cxd4 5. Nxd4 a6 6. e3 e6 7. Be2 Bd6 8. Bxd6 Qxd6 9. Qd3 O-O 10. O-O b5 11. Nb3 b4 12. Na4 Bd7 13. Nac5 Bb5 14. Qd2 Bxe2 15. Qxe2 a5 16. Nb7 Qb6 17. N7xa5 Rxa5 18. Nxa5 Qxa5 19. a3 Nc6 20. axb4 Qxb4 21. c3 Qb8 22. b4 Ne5 23. f3 Rc8 24. Rfb1 Rxc3 25. b5 Rc7 26. b6 Rb7 27. Qa6 h6 28. Qa8 Kh7 29. Qxb8 Rxb8 30. b7 Ned7 31. Ra8 Kg6 32. Rxb8 Nxb8 33. Rc1 Nfd7 34. Kf2 Kf6 35. g4 Kg5 36. Kg3 Kf6 37. h4 g6 38. Rc8 e5 39. Kf2 Ke6 40. Ke2 Kf6 41. Kd2 Kg7 42. Kc3 f6 43. Kb4 Kf7 44. Kb5 Kg7 45. h5 Kf7 46. hxg6+ Kxg6 47. Rc1 h5 48. gxh5+ Kxh5 49. Rd1 Kh4 50. Rg1 Kh5 51. e4 d4 52. Kc4 Nc6 53. Kd5 Na5 54. Rb1 Nxb7 55. Rxb7 Nf8 56. Rf7 d3 57. Rxf8 d2 58. Rh8+ Kg5 59. Rh1 Kf4 60. Rd1 Ke3 61. Rxd2 Kxd2 62. Ke6 Ke3 63. Kxf6 Kf4 64. Ke6 1-0

[Event "GBR-ch110 Major Open"]
[Site "Hull"]
[Date "2024.08.03"]
[Round "8.11"]
[White "Kueh, Audrey"]
[Black "Schell, Finn"]
[Result "1-0"]
[WhiteElo "2058"]
[BlackElo "1887"]
[PlyCount "59"]
[EventDate "2024.07.27"]
[EventType "swiss"]
[EventRounds "9"]
[EventCountry "GBR"]
[SourceTitle "BritBase"]
[Source "John Saunders"]
[SourceDate "2025.02.20"]
[SourceVersion "1"]
[SourceVersionDate "2025.02.20"]
[SourceQuality "1"]

1. e4 c6 2. d4 d5 3. e5 c5 4. dxc5 e6 5. a3 Bxc5 6. Nf3 Nd7 7. c4 f6 8. cxd5 Nxe5 9. Nxe5 fxe5 10. Qh5+ g6 11. Qxe5 Qf6 12. Bb5+ Kf7 13. Bf4 Bd4 14. Qc7+ Qe7 15. Qxe7+ Nxe7 16. d6 Nd5 17. Be3 Bxe3 18. fxe3 Rd8 19. e4 Nf6 20. e5 Ng4 21. O-O+ Kg7 22. Re1 Bd7 23. Nc3 Rac8 24. h3 Nh6 25. Bxd7 Rxd7 26. Nb5 Rc5 27. Nc7 Kf7 28. Rac1 Rxc1 29. Rxc1 Nf5 30. Rf1 1-0

[Event "GBR-ch110 Major Open"]
[Site "Hull"]
[Date "2024.08.03"]
[Round "8.12"]
[White "Honey, Luke"]
[Black "Metcalfe, Charlie P"]
[Result "1/2-1/2"]
[WhiteElo "2041"]
[BlackElo "1898"]
[PlyCount "176"]
[EventDate "2024.07.27"]
[EventType "swiss"]
[EventRounds "9"]
[EventCountry "GBR"]
[SourceTitle "BritBase"]
[Source "John Saunders"]
[SourceDate "2025.02.20"]
[SourceVersion "1"]
[SourceVersionDate "2025.02.20"]
[SourceQuality "1"]

1. Nf3 d5 2. g3 Nf6 3. Bg2 g6 4. O-O Bg7 5. d4 O-O 6. c3 Nc6 7. Nbd2 Re8 8. Re1 e5 9. Nxe5 Nxe5 10. dxe5 Rxe5 11. Nf3 Re8 12. Bg5 Be6 13. Nd4 c6 14. Qb3 Qd7 15. Nxe6 Qxe6 16. Be3 Qe7 17. Bd4 h5 18. c4 dxc4 19. Qxc4 Qe6 20. Qc2 Bh6 21. e3 Ne4 22. Rad1 a5 23. Bxe4 Qxe4 24. Qxe4 Rxe4 25. Bc3 b5 26. Rd6 b4 27. Bf6 Rc4 28. Red1 Bg7 29. Bxg7 Kxg7 30. R1d2 a4 31. R6d4 Rc1+ 32. Kg2 c5 33. Rd7 c4 34. Rc7 c3 35. bxc3 bxc3 36. Rdd7 Rf8 37. Rd4 a3 38. Ra4 c2 39. Rxa3 Rd8 40. Rac3 Rd2 41. h4 Kf6 42. a4 Ra1 43. Rxc2 Rxc2 44. Rxc2 Rxa4 45. Kf3 Ke5 46. Rc6 Rb4 47. Ra6 Rc4 48. Ra5+ Kf6 49. Rd5 Ke6 50. Rd4 Rc5 51. Rf4 Ra5 52. Ke4 Ra4+ 53. Kd3 Ra3+ 54. Kc4 Ra4+ 55. Kc5 Ra5+ 56. Kc6 Ra6+ 57. Kb7 Ra2 58. Kb6 Rc2 59. Kb5 Ke7 60. Kb4 Ke6 61. Kb3 Rc1 62. Kb2 Rc5 63. Rd4 Ke5 64. Rd7 Ke6 65. Rd2 Ke5 66. Rc2 Rb5+ 67. Kc1 Ke4 68. Rc4+ Kf3 69. Rf4+ Ke2 70. Rxf7 Rf5 71. Rg7 Rf6 72. f4 Kxe3 73. f5 gxf5 74. Rg5 Kf3 75. Kd2 Rd6+ 76. Ke1 Re6+ 77. Kf1 Re5 78. Kg1 Ra5 79. Kh2 Ra2+ 80. Kh3 f4 81. Rf5 Ra4 82. gxf4 Ra1 83. Kh2 Kg4 84. Rg5+ Kxh4 85. Rg1 Ra3 86. Rf1 Ra2+ 87. Kg1 Kg3 88. f5 Ra7 1/2-1/2

[Event "GBR-ch110 Major Open"]
[Site "Hull"]
[Date "2024.08.03"]
[Round "8.13"]
[White "Kumar, Sanjit S"]
[Black "Zhao, George"]
[Result "0-1"]
[WhiteElo "1942"]
[BlackElo "2034"]
[PlyCount "104"]
[EventDate "2024.07.27"]
[EventType "swiss"]
[EventRounds "9"]
[EventCountry "GBR"]
[SourceTitle "BritBase"]
[Source "John Saunders"]
[SourceDate "2025.02.20"]
[SourceVersion "1"]
[SourceVersionDate "2025.02.20"]
[SourceQuality "1"]

1. d4 e6 2. c4 Nf6 3. Nc3 Bb4 4. e3 O-O 5. Nge2 Re8 6. a3 Bf8 7. Ng3 d5 8. cxd5 exd5 9. Bd3 Be6 10. O-O Nbd7 11. b4 a5 12. Rb1 c6 13. Nce2 Bd6 14. Bd2 axb4 15. axb4 Ra3 16. Qc2 Qb6 17. Nf5 Bf8 18. Bc3 Rea8 19. Nfg3 R3a4 20. b5 c5 21. dxc5 Qxc5 22. Rfc1 Ra2 23. Rb2 Rxb2 24. Qxb2 Qb6 25. Qd2 g6 26. h4 Qd8 27. h5 Nc5 28. hxg6 hxg6 29. Bc2 Bg7 30. Nf4 b6 31. Bd4 Qd6 32. Qc3 Ne8 33. Rd1 Bxd4 34. Qxd4 Nc7 35. Bxg6 fxg6 36. Nxg6 Kf7 37. Ne5+ Ke8 38. Nc4 Qf8 39. Nxb6 Ra2 40. Rf1 Nxb5 41. Qe5 Rd2 42. Nh5 Kd8 43. Nf4 Qd6 44. Qh8+ Kc7 45. Na8+ Kb7 46. Rb1 Bd7 47. Qd8 Qc6 48. Qa5 Ne4 49. Ng6 Rxf2 50. Ne7 Rxg2+ 51. Kxg2 Qc2+ 52. Kh1 Qxb1+ 0-1

[Event "GBR-ch110 Major Open"]
[Site "Hull"]
[Date "2024.08.03"]
[Round "8.14"]
[White "Vaidyanathan, Adithya"]
[Black "McCarthy, Damian M"]
[Result "1/2-1/2"]
[WhiteElo "1985"]
[BlackElo "1880"]
[PlyCount "144"]
[EventDate "2024.07.27"]
[EventType "swiss"]
[EventRounds "9"]
[EventCountry "GBR"]
[SourceTitle "BritBase"]
[Source "John Saunders"]
[SourceDate "2025.02.20"]
[SourceVersion "1"]
[SourceVersionDate "2025.02.20"]
[SourceQuality "1"]

1. Nf3 Nf6 2. d4 e6 3. c4 Bb4+ 4. Nbd2 b6 5. a3 Bxd2+ 6. Bxd2 h6 7. g3 Bb7 8. Bg2 d6 9. O-O O-O 10. b4 Nbd7 11. Bc3 Be4 12. Qb3 Qc8 13. Rfd1 Qb7 14. Qb2 a6 15. Rac1 Rac8 16. c5 b5 17. Qa1 Qd5 18. Bf1 Qh5 19. Nd2 d5 20. Nxe4 Nxe4 21. Be1 f5 22. f3 Ng5 23. h4 Nh7 24. Bg2 g5 25. e4 f4 26. g4 Qf7 27. exd5 exd5 28. h5 Nhf6 29. Bf2 Rfe8 30. Bf1 Nxh5 31. gxh5 Qxh5 32. Qa2 Nf6 33. Be1 Qxf3 34. Qg2 Qh5 35. Qh3 Qg6 36. Bd3 Ne4 37. Bxe4 dxe4 38. d5 g4 39. Qh4 e3 40. d6 cxd6 41. Rxd6 Re6 42. Rd8+ Rxd8 43. Qxd8+ Qe8 44. Qxe8+ Rxe8 45. c6 Kf7 46. c7 Rc8 47. Rc5 Ke6 48. Bc3 Kd7 49. Be5 e2 50. Kf2 Rf8 51. Kxe2 h5 52. Bxf4 h4 53. c8=Q+ Rxc8 54. Rxc8 Kxc8 55. Bg5 h3 56. Kf2 Kd7 57. Kg3 Ke6 58. Bf4 Kd5 59. Kxg4 Kc4 60. Kxh3 Kb3 61. Kg2 Kxa3 62. Bd2 Kb3 63. Kf3 Kc4 64. Ke4 a5 65. bxa5 Kc5 66. Be3+ Kc6 67. a6 Kc7 68. Ba7 Kc6 69. Kd4 b4 70. Kc4 b3 71. Kxb3 Kb5 72. Bc5 Kxa6 1/2-1/2

[Event "GBR-ch110 Major Open"]
[Site "Hull"]
[Date "2024.08.03"]
[Round "8.15"]
[White "Sefton, Adam"]
[Black "Shaw, Peter"]
[Result "1/2-1/2"]
[WhiteElo "1908"]
[BlackElo "2041"]
[PlyCount "120"]
[EventDate "2024.07.27"]
[EventType "swiss"]
[EventRounds "9"]
[EventCountry "GBR"]
[SourceTitle "BritBase"]
[Source "John Saunders"]
[SourceDate "2025.02.20"]
[SourceVersion "1"]
[SourceVersionDate "2025.02.20"]
[SourceQuality "1"]

1. d4 d6 2. e4 Nf6 3. Nc3 c6 4. Be3 Qc7 5. Qd2 e5 6. f3 Be7 7. Bc4 b5 8. Bb3 a5 9. a3 Ba6 10. Nge2 O-O 11. g4 b4 12. Nd1 c5 13. g5 exd4 14. gxf6 dxe3 15. Nxe3 Bxf6 16. Nd5 Qd8 17. axb4 axb4 18. c3 bxc3 19. bxc3 Nd7 20. O-O Nb6 21. Nxb6 Qxb6 22. Bd5 Bxe2 23. Rxa8 Bxf1 24. Rxf8+ Kxf8 25. Kxf1 Qa7 26. Ba2 Qe7 27. Bd5 Be5 28. Qb2 g6 29. Qc2 Qf6 30. Qf2 Bxc3 31. f4 Bd4 32. Qf3 Be5 33. f5 Kg7 34. h3 Bd4 35. Ke2 h6 36. Qg4 Qg5 37. Qxg5 hxg5 38. Kf3 gxf5 39. exf5 Kf6 40. Ke4 Bf2 41. Bb3 Ke7 42. Ba2 f6 43. Be6 Kd8 44. Kd5 Kc7 45. Bg8 Kb6 46. Kc4 Ka5 47. Kb3 Kb5 48. Bd5 Bg3 49. Bf7 Kc6 50. Kc4 Bh2 51. Bd5+ Kb6 52. Bf7 Bg1 53. Be6 Ka5 54. Kb3 Kb5 55. Bd7+ Kb6 56. Be6 Kc6 57. Kc4 d5+ 58. Bxd5+ Kd6 59. Bf3 Ke5 60. Bg4 Bf2 1/2-1/2

[Event "GBR-ch110 Major Open"]
[Site "Hull"]
[Date "2024.08.03"]
[Round "8.16"]
[White "Yu, Rock"]
[Black "Garnett, John S"]
[Result "1-0"]
[WhiteElo "2001"]
[BlackElo "1879"]
[PlyCount "71"]
[EventDate "2024.07.27"]
[EventType "swiss"]
[EventRounds "9"]
[EventCountry "GBR"]
[SourceTitle "BritBase"]
[Source "John Saunders"]
[SourceDate "2025.02.20"]
[SourceVersion "1"]
[SourceVersionDate "2025.02.20"]
[SourceQuality "1"]

1. c4 e5 2. g3 Nc6 3. Bg2 g6 4. Nc3 Bg7 5. e4 d6 6. Nge2 f5 7. d3 Nf6 8. O-O O-O 9. f4 fxe4 10. Nxe4 Nxe4 11. Bxe4 Bg4 12. Qe1 Qd7 13. Be3 Rae8 14. Nc3 exf4 15. Bxf4 Bh3 16. Rf2 Bd4 17. Be3 Rxf2 18. Qxf2 Rf8 19. Qd2 Qg7 20. Bg2 Qh6 21. Re1 Re8 22. Ne4 Bxe3+ 23. Rxe3 Kg7 24. Bxh3 Qxh3 25. Ng5 Qd7 26. Qc3+ Ne5 27. d4 Nf7 28. d5+ Ne5 29. Ne6+ Kg8 30. b3 c6 31. Re1 cxd5 32. cxd5 Rc8 33. Qe3 Qb5 34. Rd1 Rc2 35. Rf1 Nf7 36. Nd4 1-0

[Event "GBR-ch110 Major Open"]
[Site "Hull"]
[Date "2024.08.03"]
[Round "8.17"]
[White "Sasikumar, Srivathsan"]
[Black "Kovalskyi, Roman"]
[Result "0-1"]
[WhiteElo "1900"]
[BlackElo "1989"]
[PlyCount "92"]
[EventDate "2024.07.27"]
[EventType "swiss"]
[EventRounds "9"]
[EventCountry "GBR"]
[SourceTitle "BritBase"]
[Source "John Saunders"]
[SourceDate "2025.02.20"]
[SourceVersion "1"]
[SourceVersionDate "2025.02.20"]
[SourceQuality "1"]

1. e4 c5 2. Nf3 g6 3. d4 cxd4 4. Nxd4 Nc6 5. Nc3 Bg7 6. Be3 Nf6 7. Nxc6 bxc6 8. e5 Ng8 9. Bd4 Qa5 10. e6 Nf6 11. exd7+ Bxd7 12. Be2 O-O 13. O-O Rfd8 14. Qc1 Bf5 15. Be3 Rab8 16. Bf3 Nd5 17. Nd1 Nb4 18. Bd2 Qc5 19. Bxb4 Rxb4 20. c3 Rb7 21. Re1 e5 22. b4 Qd6 23. Nb2 Re8 24. Nc4 Qe6 25. Na5 Rc7 26. Nb3 e4 27. g4 Qc8 28. gxf5 exf3 29. Rxe8+ Qxe8 30. Qf4 Bxc3 31. Rc1 Rc8 32. Nc5 Qe2 33. Ne4 Re8 34. fxg6 hxg6 35. Ng3 Qd3 36. Qg4 Bd4 37. h4 Bxf2+ 38. Kh1 Bd4 39. Rf1 f2 40. h5 Re6 41. h6 Kh7 42. Kg2 Re3 43. Qf4 Re7 44. Qd6 Qe3 45. Rd1 f1=Q+ 46. Rxf1 Be5 0-1

[Event "GBR-ch110 Major Open"]
[Site "Hull"]
[Date "2024.08.03"]
[Round "8.18"]
[White "Roberts, David L"]
[Black "Cheng, Louis"]
[Result "1-0"]
[WhiteElo "1963"]
[BlackElo "1876"]
[PlyCount "91"]
[EventDate "2024.07.27"]
[EventType "swiss"]
[EventRounds "9"]
[EventCountry "GBR"]
[SourceTitle "BritBase"]
[Source "John Saunders"]
[SourceDate "2025.02.20"]
[SourceVersion "1"]
[SourceVersionDate "2025.02.20"]
[SourceQuality "1"]

1. e4 c5 2. Nf3 g6 3. d3 Bg7 4. g3 Nc6 5. Bg2 Nf6 6. O-O d5 7. Nbd2 O-O 8. Re1 Re8 9. c3 e5 10. exd5 Nxd5 11. a4 Nc7 12. Qc2 Bf5 13. Ne4 b6 14. Nh4 Bd7 15. Nd6 Re6 16. Nc4 Qe7 17. Nf3 Rd8 18. Ng5 Rf6 19. Ne4 Re6 20. Bh3 f5 21. Bg5 Qf8 22. Bxd8 Qxd8 23. Ned2 Ne7 24. Nf3 Bc6 25. Ncxe5 Ba8 26. Qb3 Bd5 27. Qc2 g5 28. g4 f4 29. Bg2 h6 30. Nc4 Qa8 31. Rxe6 Nxe6 32. Qe2 Kh8 33. Nd6 Qc6 34. Ne4 c4 35. Re1 Qxa4 36. d4 Qc6 37. h3 Ng6 38. Qc2 b5 39. Ned2 Nef8 40. Qf5 a5 41. Ra1 a4 42. Re1 Kg8 43. Nh4 Bxg2 44. Nxg6 Nxg6 45. Re6 Qb7 46. Qxg6 1-0

[Event "GBR-ch110 Major Open"]
[Site "Hull"]
[Date "2024.08.03"]
[Round "8.19"]
[White "Patel, Zain"]
[Black "Vashisht-Pigem, Raman"]
[Result "1-0"]
[WhiteElo "1958"]
[BlackElo "1863"]
[PlyCount "47"]
[EventDate "2024.07.27"]
[EventType "swiss"]
[EventRounds "9"]
[EventCountry "GBR"]
[SourceTitle "BritBase"]
[Source "John Saunders"]
[SourceDate "2025.02.20"]
[SourceVersion "1"]
[SourceVersionDate "2025.02.20"]
[SourceQuality "1"]

1. e4 e5 2. Nc3 Nf6 3. f4 d5 4. fxe5 Nxe4 5. Nf3 Be7 6. d3 Nxc3 7. bxc3 O-O 8. d4 c5 9. Be2 Nc6 10. O-O f6 11. exf6 Bxf6 12. Ba3 Be7 13. Bxc5 Bxc5 14. dxc5 Qe7 15. Qxd5+ Be6 16. Qd6 Qxd6 17. cxd6 Rad8 18. Ng5 Rxf1+ 19. Bxf1 Bf7 20. Re1 Bxa2 21. d7 g6 22. c4 Rxd7 23. Ra1 h6 24. Nf3 1-0